| 000 | 01460nam0a2200301 4500 | ||
|---|---|---|---|
| 001 | RU\NLR\bibl\169440 | ||
| 005 | 20250618055927.0 | ||
| 021 |
_aRU _b2001-15567 _9725 |
||
| 035 | _a(NLR Aleph) 000166235 | ||
| 090 |
_a957039 _c957039 |
||
| 100 | _a20010710d2000 |||y0rusy50 ca | ||
| 101 | 0 | _arus | |
| 102 | _aRU | ||
| 105 | _aa ||||||||| | ||
| 200 | 1 |
_aОсновы теории финансов _eУчеб. пособие _eПо спец. 06.04.00 "Финансы и кредит", 06.05.00 "Бух. учет, анализ и аудит", 06.06.00 "Мировая экономика" _fС.В. Лаптев, Ф.В. Филина _gМ-во образования Рос. Федерации, Липец. гос. техн. ун-т |
|
| 210 |
_aЛипецк _cЛГТУ _d2000 |
||
| 215 |
_a99 с. _cил. _d20 |
||
| 320 | _aБиблиогр.: с. 99 (11 назв.) | ||
| 606 | 0 |
_aФинансы _jРуководства, пособия и т.п. для высшей школы _xТеория _91868861 _3RU\NLR\auth\661139211 |
|
| 606 | 0 |
_aФинансы _jУчебные издания для высшей школы _xТеория _91868861 _3RU\NLR\auth\661139211 |
|
| 686 | _aУ26(0)я73 | ||
| 700 | 1 |
_aЛаптев _bС. В. _gСергей Вениаминович _4070 |
|
| 701 | 1 |
_aФилина _bФ. В. _gФаина Валентиновна _4070 |
|
| 801 | 0 |
_aRU _bNLR _c20010710 _gPSBO |
|
| 801 | 1 |
_aRU _bNLR _c20010710 |
|
| 942 | _cBOOK | ||
| 980 | _aNB | ||